Movies by Picture - L - Statistics

General Stats
  • This quiz has been taken 680 times
  • The average score is 10 of 16
Answer Stats
Picture Answer % Correct
La La Land
95%
The Lego Movie
94%
The Lord of the Rings: The Fellowship of the Ring
91%
Lara Croft: Tomb Raider
84%
Legally Blonde
79%
Life of Pi
79%
Lawrence of Arabia
67%
Lincoln
67%
Love Actually
60%
Lucy
55%
Léon: The Professional
54%
The Last Samurai
53%
Liar Liar
49%
Lord of the Flies
46%
Little Shop of Horrors
44%
Labyrinth
31%
No matching quizzes found
Score Distribution
Percent of People with Each Score
Percentile by Number Answered
Your Score History
You have not taken this quiz